000 00742cab a2200229 4500
001 WB3038-53
008 090401t1994 xxu||||| |||| 00| 0 eng d
035 _a(Sirsi) u66826
041 _aeng
245 _aWildlife sites
260 _c1994
350 _a0
490 _aTimes
_v11 October 1994, 6
520 _aThe expected revision of the nature conservation PPG is likely to advise that instead of presuming against development on wildlife sites, councils should simply take ecological and environmental importance into account.
650 _aNATURE CONSERVATION
650 _aPLANNING POLICY
650 _aPPG
650 _aWILDLIFE CONSERVATION
690 _aPLANNING LAW AND PRACTICE
942 _n0
948 _c04/03/1997
999 _c41760
_d41760